[Event "FAI-chT2 2021"]
[Site "Faroe Islands"]
[Date "2020.10.04"]
[Round "1.2"]
[White "Andreasen, Jakup a Rogvi"]
[Black "Eskildsen, Henrik"]
[Result "1-0"]
[WhiteElo "1978"]
[BlackElo "1795"]
[PlyCount "95"]
[EventDate "2020.10.04"]
[EventType "team-tourn"]
[EventRounds "10"]
[EventCountry "FAI"]
[SourceTitle "EXT 2022"]
[Source "ChessBase"]
[SourceDate "2021.10.06"]
[SourceVersion "1"]
[SourceVersionDate "2021.10.06"]
[SourceQuality "1"]
[WhiteTeam "Vestmanna"]
[BlackTeam "Runavik"]
[WhiteTeamCountry "FAI"]
[BlackTeamCountry "FAI"]

1. d4 d5 2. c4 c6 3. Nf3 Nf6 4. g3 Nbd7 5. Bg2 dxc4 6. 0-0 Nb6 7. Qc2 Bg4 8. Rd1 e6 9. Nbd2 Bxf3 10. Nxf3 Be7 11. Ne5 0-0 12. Nxc4 Nxc4 13. Qxc4 Qb6 14. b3 Rfd8 15. Bb2 Rd7 16. Rac1 Rad8 17. Rd3 Nd5 18. a3 h6 19. Rcd1 Qc7 20. e4 Nf6 21. b4 Qb6 22. Qc3 Qb5 23. R3d2 Qg5 24. f4 Qg6 25. Qe3 b6 26. Rc1 c5 27. bxc5 bxc5 28. d5 exd5 29. exd5 Bd6 30. Be5 Ng4 31. Qc3 Nxe5 32. fxe5 Bc7 33. d6 Bb6 34. Bc6 Qg4 35. Bxd7 Rxd7 36. Qc4 Qf3 37. Rc3 Qb7 38. e6 fxe6 39. Qxe6+ Rf7 40. Qc4 Kh8 41. Re3 Qd7 42. Kg2 Qf5 43. Re8+ Kh7 44. Qe4 Qxe4+ 45. Rxe4 Rd7 46. Re7 Rd8 47. d7 Kg6 48. Re8 1-0

[Event "FAI-chT2 1920"]
[Site "Faroe Islands"]
[Date "2019.10.13"]
[Round "1.1"]
[White "Eskildsen, Henrik"]
[Black "Joensen, Ossur"]
[Result "1/2-1/2"]
[WhiteElo "1814"]
[BlackElo "1795"]
[PlyCount "40"]
[EventDate "2019.10.13"]
[EventType "team-tourn"]
[EventRounds "10"]
[EventCountry "FAI"]
[SourceTitle "CBM 195 Extra"]
[Source "ChessBase"]
[SourceDate "2020.05.31"]
[SourceVersion "1"]
[SourceVersionDate "2020.05.31"]
[SourceQuality "1"]
[WhiteTeam "Runavik"]
[BlackTeam "Havnin III"]
[WhiteTeamCountry "FAI"]
[BlackTeamCountry "FAI"]

1. e4 c5 2. Nf3 Nc6 3. Bb5 d6 4. Bxc6+ bxc6 5. b3 e5 6. 0-0 Nf6 7. d3 Bg4 8. Nbd2 Be7 9. Bb2 0-0 10. h3 Bh5 11. Qe1 Bxf3 12. Nxf3 Nh5 13. g3 Qd7 14. Kg2 f5 15. Qe2 g6 16. Rad1 f4 17. g4 Nf6 18. Nd2 h5 19. f3 hxg4 20. hxg4 Kg7 1/2-1/2

[Event "FAI-chT3 1617"]
[Site "Faroe Islands"]
[Date "2017.01.28"]
[Round "5.2"]
[White "Petersen, Gutti"]
[Black "Eskildsen, Henrik"]
[Result "1/2-1/2"]
[WhiteElo "1642"]
[BlackElo "1737"]
[PlyCount "60"]
[EventDate "2016.10.23"]
[EventType "team-tourn"]
[EventRounds "9"]
[EventCountry "FAI"]
[SourceTitle "EXT 2020"]
[Source "ChessBase"]
[SourceDate "2019.10.17"]
[SourceVersion "1"]
[SourceVersionDate "2019.10.17"]
[SourceQuality "1"]
[WhiteTeam "Sandavagur III"]
[BlackTeam "Runavik"]
[WhiteTeamCountry "FAI"]
[BlackTeamCountry "FAI"]

1. e4 d5 2. exd5 Qxd5 3. Nc3 Qa5 4. d4 c6 5. Nf3 Bf5 6. Be2 Nf6 7. 0-0 e6 8. Bd2 Nbd7 9. Ne4 Qd8 10. Nxf6+ Nxf6 11. c4 Be7 12. h3 0-0 13. Be3 Rc8 14. Qa4 a6 15. b4 Bd6 16. Qb3 Qc7 17. Rac1 Bf4 18. Rfe1 Bxe3 19. Qxe3 Qb6 20. a3 Rcd8 21. Red1 Rfe8 22. Ne5 Nd7 23. c5 Qc7 24. Nc4 Bg6 25. Nd6 Rf8 26. f4 b5 27. Bf3 Nf6 28. Re1 Ne8 29. Ne4 Bxe4 30. Bxe4 Nf6 1/2-1/2

[Event "FAI-chT3 1415"]
[Site "Faroe Islands"]
[Date "2014.10.26"]
[Round "1.2"]
[White "Andreasen, Jon S"]
[Black "Eskildsen, Henrik"]
[Result "0-1"]
[WhiteElo "1600"]
[BlackElo "1713"]
[PlyCount "60"]
[EventDate "2014.10.26"]
[EventType "team-tourn"]
[EventRounds "7"]
[EventCountry "FAI"]
[SourceTitle "CBM 163 Extra"]
[Source "ChessBase"]
[SourceDate "2014.12.23"]
[SourceVersion "1"]
[SourceVersionDate "2014.12.23"]
[SourceQuality "1"]
[WhiteTeam "Havnin IV"]
[BlackTeam "Gota"]
[WhiteTeamCountry "FAI"]
[BlackTeamCountry "FAI"]

1. b3 d5 2. Bb2 Nc6 3. e3 a6 4. f4 Bf5 5. Nf3 e6 6. a3 Nf6 7. Be2 Bc5 8. 0-0 d4 9. d3 Ng4 10. Bc1 dxe3 11. h3 Nf2 12. Qe1 Qd6 13. Qc3 Nd4 14. Rxf2 exf2+ 15. Kf1 Nxf3 16. Bxf3 Bd4 17. Qd2 Bxa1 18. Qxf2 Bxd3+ 19. Kg1 Bd4 20. Be3 Bxe3 21. Qxe3 Bb5 22. Kh2 0-0 23. a4 Bc6 24. Nd2 Bxf3 25. Nxf3 Rad8 26. Ng5 h6 27. Ne4 Qd4 28. Qf3 f5 29. Nf2 e5 30. fxe5 Qxe5+ 0-1

[Event "FAI-chT2 1314"]
[Site "Torshavn"]
[Date "2014.03.15"]
[Round "10.3"]
[White "Berg, Margar"]
[Black "Eskildsen, Henrik"]
[Result "1-0"]
[WhiteElo "1863"]
[BlackElo "1694"]
[PlyCount "78"]
[EventDate "2013.10.27"]
[EventType "team-tourn"]
[EventRounds "10"]
[EventCountry "FAI"]
[SourceTitle "EXT 2019"]
[Source "ChessBase"]
[SourceDate "2018.10.10"]
[SourceVersion "1"]
[SourceVersionDate "2018.10.10"]
[SourceQuality "1"]
[WhiteTeam "Havnin II"]
[BlackTeam "Rokur"]
[WhiteTeamCountry "FAI"]
[BlackTeamCountry "FAI"]

1. d4 d5 2. Bg5 h6 3. Bh4 c6 4. e3 Nf6 5. Bxf6 exf6 6. c4 Bb4+ 7. Nc3 Qa5 8. Qb3 dxc4 9. Bxc4 0-0 10. Nge2 Bd6 11. 0-0 Qb4 12. e4 Qxb3 13. Bxb3 Nd7 14. f4 Nb6 15. h3 Be6 16. d5 cxd5 17. exd5 Bd7 18. Ne4 Bb4 19. Rfd1 f5 20. Nd2 Bc5+ 21. Kh2 Rfe8 22. Ng1 Bd6 23. Rf1 Rac8 24. g3 Ba4 25. Rad1 Bxb3 26. axb3 Rc2 27. Kh1 Re3 28. Rf3 Rxf3 29. Ngxf3 Kf8 30. Nd4 Rc5 31. Nxf5 Rxd5 32. Ne3 Rd3 33. Ndc4 Rxd1+ 34. Nxd1 Nxc4 35. bxc4 Bc5 36. Kg2 Ke7 37. Kf3 a5 38. Ke4 g6 39. Kd5 Kd7 1-0